[Event "Moncada Cup-G"]
[Site "Santiago de Cuba"]
[Date "2019.03.28"]
[Round "9.3"]
[White "Perez Jimenez, Ibrahin"]
[Black "Perez Lorenzo, Enmanuel"]
[Result "0-1"]
[WhiteElo "1911"]
[BlackElo "1994"]
[PlyCount "83"]
[EventDate "2019.03.20"]
[EventType "tourn"]
[EventRounds "10"]
[EventCountry "CUB"]
[SourceTitle "EXT 2023"]
[Source "ChessBase"]
[SourceDate "2022.10.05"]
[SourceVersion "1"]
[SourceVersionDate "2022.10.05"]
[SourceQuality "1"]

1. d4 Nf6 2. c4 e6 3. Nf3 b6 4. e3 Bb7 5. Be2 Bb4+ 6. Bd2 Be7 7. 0-0 0-0 8. Nc3 c5 9. Rc1 d5 10. cxd5 Nxd5 11. Nxd5 Bxd5 12. Qc2 Nd7 13. Rfd1 cxd4 14. e4 Bb7 15. Nxd4 Nc5 16. Bf3 Qxd4 17. Bg5 Qxd1+ 18. Rxd1 Bxg5 19. b4 Na6 20. a3 b5 21. e5 Bxf3 22. gxf3 Rac8 23. Qe4 Nc7 24. h4 Bh6 25. Qb7 Nd5 26. a4 bxa4 27. Ra1 Rb8 28. Qxa7 Rxb4 29. Rxa4 Rb1+ 30. Kh2 Bf4+ 31. Kg2 Bxe5 32. Qa6 Nf4+ 33. Kh2 Nd3+ 34. Kh3 Rh1+ 35. Kg2 Rh2+ 36. Kg1 Nxf2 37. f4 Ng4 38. fxe5 Rxh4 39. Qe2 h5 40. Qe4 Nxe5 41. Qxe5 Rxa4 42. Qxh5 0-1

[Event "Adelquis Remon Memorial-E"]
[Site "Holguin"]
[Date "2018.12.04"]
[Round "9.3"]
[White "Gonzalez Pina, Evelyn"]
[Black "Perez Lorenzo, Enmanuel"]
[Result "1/2-1/2"]
[WhiteElo "1970"]
[BlackElo "1968"]
[PlyCount "83"]
[EventDate "2018.11.30"]
[EventType "tourn"]
[EventRounds "10"]
[EventCountry "CUB"]
[SourceTitle "EXT 2023"]
[Source "ChessBase"]
[SourceDate "2022.10.05"]
[SourceVersion "1"]
[SourceVersionDate "2022.10.05"]
[SourceQuality "1"]

1. e4 e6 2. d4 d5 3. exd5 exd5 4. Nf3 Bd6 5. Bd3 Ne7 6. h3 0-0 7. Nc3 c6 8. 0-0 Bf5 9. Bg5 Bxd3 10. Qxd3 h6 11. Be3 Nd7 12. Nh4 Nb6 13. Nf5 Bc7 14. Nxe7+ Qxe7 15. b3 f5 16. Rae1 Qh4 17. f4 Nd7 18. Nb1 Qh5 19. Nd2 Nf6 20. Nf3 Ne4 21. Ne5 Ba5 22. Ra1 Bc3 23. Rac1 Qe8 24. Rcd1 Qd8 25. Bf2 Qa5 26. a4 Qc7 27. Be1 Bxe1 28. Rfxe1 a6 29. c4 Rfd8 30. b4 a5 31. b5 cxb5 32. cxb5 Rac8 33. Rf1 Qc2 34. Qa3 Nc3 35. Rd3 Re8 36. Qd6 Ne2+ 37. Kh2 Rcd8 38. Qa3 Rc8 39. Qd6 Rcd8 40. Qa3 Rc8 41. Qd6 Rcd8 42. Qa3 1/2-1/2

[Event "Adelquis Remon Memorial-E"]
[Site "Holguin"]
[Date "2018.12.02"]
[Round "5.2"]
[White "Venzant Batista, Marcia Camila"]
[Black "Perez Lorenzo, Enmanuel"]
[Result "0-1"]
[WhiteElo "2010"]
[BlackElo "1968"]
[PlyCount "108"]
[EventDate "2018.11.30"]
[EventType "tourn"]
[EventRounds "10"]
[EventCountry "CUB"]
[SourceTitle "EXT 2023"]
[Source "ChessBase"]
[SourceDate "2022.10.05"]
[SourceVersion "1"]
[SourceVersionDate "2022.10.05"]
[SourceQuality "1"]

1. e4 e6 2. d4 d5 3. e5 c5 4. c3 Qb6 5. Nf3 Nc6 6. Be2 cxd4 7. cxd4 Nge7 8. Na3 Nf5 9. Nc2 Bb4+ 10. Bd2 Bxd2+ 11. Qxd2 Qxb2 12. 0-0 Nfxd4 13. Nfxd4 Nxd4 14. Qxd4 Qxc2 15. Bb5+ Bd7 16. Bxd7+ Kxd7 17. Rfc1 Qe4 18. Qb2 Rhb8 19. Qb5+ Kd8 20. Qa5+ Ke8 21. Re1 Qd4 22. Rad1 Qb6 23. Qa4+ Kf8 24. Rd3 Rc8 25. Qh4 h6 26. g4 Rc4 27. h3 Rac8 28. Rb3 Qa5 29. Re2 b6 30. Rf3 Qa4 31. Kg2 Qd1 32. Qh5 R8c7 33. Qh4 Rd7 34. Rfe3 Qb1 35. Rb3 Qg6 36. Ra3 Qg5 37. Qg3 h5 38. f3 Qc1 39. Rd3 Rc2 40. Qf2 Rxe2 41. Qxe2 Rc7 42. Rd2 hxg4 43. hxg4 Rc3 44. Kg3 Qg1+ 45. Kh4 Qh1+ 46. Kg3 g5 47. Rd1 Qh4+ 48. Kg2 Qh7 49. Rd2 Qb1 50. Rb2 Qd3 51. Qf2 Rc1 52. Rd2 Qh7 53. Qe2 Qh1+ 54. Kf2 Qg1# 0-1

[Event "Adelquis Remon Memorial-E"]
[Site "Holguin"]
[Date "2018.12.01"]
[Round "4.3"]
[White "Perez Lorenzo, Enmanuel"]
[Black "Gonzalez Pina, Evelyn"]
[Result "1/2-1/2"]
[WhiteElo "1968"]
[BlackElo "1970"]
[PlyCount "37"]
[EventDate "2018.11.30"]
[EventType "tourn"]
[EventRounds "10"]
[EventCountry "CUB"]
[SourceTitle "EXT 2023"]
[Source "ChessBase"]
[SourceDate "2022.10.05"]
[SourceVersion "1"]
[SourceVersionDate "2022.10.05"]
[SourceQuality "1"]

1. e4 c5 2. Nf3 e6 3. b3 d5 4. exd5 exd5 5. Bb5+ Bd7 6. Bxd7+ Qxd7 7. 0-0 Nf6 8. Ne5 Qc7 9. Re1 Be7 10. d4 b6 11. Bf4 Qb7 12. Nd2 0-0 13. Re3 Re8 14. Rh3 Nbd7 15. Ndf3 Ne4 16. Nd2 Nef6 17. Ndf3 Ne4 18. Nd2 Nef6 19. Ndf3 1/2-1/2

[Event "Adelquis Remon Memorial-E"]
[Site "Holguin"]
[Date "2018.11.30"]
[Round "2.3"]
[White "Garcia Rivero, Andy Anibal"]
[Black "Perez Lorenzo, Enmanuel"]
[Result "1/2-1/2"]
[WhiteElo "2030"]
[BlackElo "1968"]
[PlyCount "111"]
[EventDate "2018.11.30"]
[EventType "tourn"]
[EventRounds "10"]
[EventCountry "CUB"]
[SourceTitle "EXT 2023"]
[Source "ChessBase"]
[SourceDate "2022.10.05"]
[SourceVersion "1"]
[SourceVersionDate "2022.10.05"]
[SourceQuality "1"]

1. d4 Nf6 2. c4 e6 3. g3 d5 4. Nf3 Bb4+ 5. Bd2 Be7 6. Bg2 0-0 7. 0-0 c6 8. Qc2 b6 9. Bf4 Nh5 10. Bc1 Ba6 11. Nbd2 Nf6 12. b3 Nbd7 13. Rd1 Rc8 14. e4 dxe4 15. Nxe4 Nxe4 16. Qxe4 Qc7 17. Bf4 Bd6 18. Ne5 Bb7 19. Nxd7 Qxd7 20. c5 Bxf4 21. gxf4 Rfd8 22. Rac1 bxc5 23. Rxc5 Qe7 24. Qe5 Rd6 25. f5 Rcd8 26. Qe3 Qh4 27. fxe6 Rxe6 28. Re5 Rde8 29. Re1 h6 30. f4 Qg4 31. Qg3 Qxg3 32. hxg3 Rxe5 33. dxe5 Rd8 34. Re2 Kf8 35. Rc2 Ke7 36. b4 a6 37. Bxc6 Bxc6 38. Rxc6 Rd1+ 39. Kf2 Rd2+ 40. Kf3 Rxa2 41. f5 Ra3+ 42. Ke4 Rxg3 43. Rxa6 Rg4+ 44. Kd5 Rxb4 45. Ra7+ Ke8 46. e6 fxe6+ 47. fxe6 Rb1 48. Rxg7 Rd1+ 49. Ke4 Re1+ 50. Kd5 h5 51. Rh7 Rd1+ 52. Kc4 Rc1+ 53. Kd4 Rd1+ 54. Kc3 Rd5 55. Kc4 Re5 56. Kd4 1/2-1/2

[Event "Santiago de Cuba Province-ch final"]
[Site "Santiago de Cuba"]
[Date "2018.09.30"]
[Round "7"]
[White "Perez Lorenzo, Enmanuel"]
[Black "Rodriguez Basulto, Reyson Ricardo"]
[Result "1/2-1/2"]
[WhiteElo "1990"]
[BlackElo "1897"]
[PlyCount "82"]
[EventDate "2018.09.26"]
[EventType "swiss"]
[EventRounds "9"]
[EventCountry "CUB"]
[SourceTitle "EXT 2021"]
[Source "ChessBase"]
[SourceDate "2020.10.23"]
[SourceVersion "1"]
[SourceVersionDate "2020.10.23"]
[SourceQuality "1"]

1. e4 c5 2. Nf3 d6 3. d4 cxd4 4. Nxd4 Nf6 5. Nc3 a6 6. Bg5 e6 7. f4 h6 8. Bh4 Qb6 9. Qd3 Qxb2 10. Nb3 Qa3 11. Be2 Qb4 12. 0-0 Qb6+ 13. Kh1 Nbd7 14. e5 dxe5 15. Bxf6 Nxf6 16. fxe5 Nd7 17. Qg3 Qc7 18. Bh5 g6 19. Bxg6 fxg6 20. Qxg6+ Kd8 21. Nd5 exd5 22. e6 Qd6 23. Nd4 Kc7 24. Nf5 Qc6 25. Qg3+ Kb6 26. e7 Bxe7 27. Nxe7 Qc5 28. Qg7 Rd8 29. Rf5 Ka7 30. Rxd5 Qxc2 31. Qd4+ b6 32. Nxc8+ Raxc8 33. Rxd7+ Rxd7 34. Qxd7+ Rc7 35. Qd1 Qxd1+ 36. Rxd1 Rc2 37. h4 Rxa2 38. Rd7+ Kb8 39. Rh7 Rb2 40. Rxh6 a5 41. Rh8+ Kb7 1/2-1/2

[Event "Santiago de Cuba Province-ch final"]
[Site "Santiago de Cuba"]
[Date "2018.09.28"]
[Round "5"]
[White "Perez Lorenzo, Enmanuel"]
[Black "Blanco Hechavarria, Gerardo"]
[Result "1-0"]
[WhiteElo "1990"]
[BlackElo "1919"]
[PlyCount "97"]
[EventDate "2018.09.26"]
[EventType "swiss"]
[EventRounds "9"]
[EventCountry "CUB"]
[SourceTitle "EXT 2021"]
[Source "ChessBase"]
[SourceDate "2020.10.23"]
[SourceVersion "1"]
[SourceVersionDate "2020.10.23"]
[SourceQuality "1"]

1. e4 e6 2. d4 d5 3. Nc3 Bb4 4. e5 c5 5. a3 Bxc3+ 6. bxc3 Ne7 7. Qg4 0-0 8. Nf3 Nbc6 9. Bd3 f5 10. exf6 Rxf6 11. Ne5 c4 12. Bg5 Nxe5 13. dxe5 Rf7 14. Be2 Qa5 15. Bd2 Ng6 16. Qd4 Bd7 17. Bh5 Ba4 18. Ra2 Raf8 19. 0-0 Rf5 20. Bg4 Ne7 21. Bxf5 Nxf5 22. Qg4 d4 23. Qe2 dxc3 24. Bg5 h6 25. Bc1 Bc6 26. Rd1 Bd5 27. Qh5 Qc5 28. a4 Ng3 29. Be3 Qxe3 30. fxe3 Nxh5 31. g4 Rf3 32. e4 Bxe4 33. Rd8+ Kh7 34. gxh5 Rf5 35. Rc8 Bd5 36. Ra3 Rg5+ 37. Kf1 Rxh5 38. Rxc3 Rxh2 39. R3xc4 Rh5 40. Rg4 Rf5+ 41. Kg1 h5 42. Rg3 g5 43. Rc7+ Kh6 44. c4 Bc6 45. Re3 Rf4 46. Re7 Kg6 47. Rxe6+ Kf5 48. Rxc6 bxc6 49. e6 1-0

[Event "Santiago de Cuba Province-ch final"]
[Site "Santiago de Cuba"]
[Date "2018.09.26"]
[Round "2"]
[White "Romero Arzuaga, Yudel"]
[Black "Perez Lorenzo, Enmanuel"]
[Result "1-0"]
[WhiteElo "2192"]
[BlackElo "1990"]
[PlyCount "52"]
[EventDate "2018.09.26"]
[EventType "swiss"]
[EventRounds "9"]
[EventCountry "CUB"]
[SourceTitle "EXT 2021"]
[Source "ChessBase"]
[SourceDate "2020.10.23"]
[SourceVersion "1"]
[SourceVersionDate "2020.10.23"]
[SourceQuality "1"]

1. d4 Nf6 2. Nf3 c5 3. e3 d5 4. c3 Bg4 5. Qb3 Qc7 6. Ne5 Bf5 7. Bb5+ Nbd7 8. e4 c4 9. Qa4 Nxe4 10. Bf4 Nd6 11. Na3 a6 12. 0-0 Rc8 13. Bxd7+ Bxd7 14. Qd1 e6 15. Qf3 Bc6 16. Rfe1 Qd8 17. Nxf7 Nxf7 18. Rxe6+ Be7 19. Rae1 Bd7 20. Rxe7+ Qxe7 21. Rxe7+ Kxe7 22. Qxd5 Rhe8 23. Nxc4 Kf8 24. Ne5 Nxe5 25. Bxe5 Bc6 26. Bd6+ Re7 1-0

[Event "Guillermo Garcia Memorial op 27th"]
[Site "Santa Clara"]
[Date "2018.05.25"]
[Round "4"]
[White "Perez Lorenzo, Enmanuel"]
[Black "Rodriguez Naranjo, Diosbel Manue"]
[Result "1-0"]
[WhiteElo "2015"]
[BlackElo "1821"]
[PlyCount "82"]
[EventDate "2018.05.22"]
[EventType "swiss"]
[EventRounds "9"]
[EventCountry "CUB"]
[SourceTitle "CBM 184 Extra"]
[Source "ChessBase"]
[SourceDate "2018.06.28"]
[SourceVersion "1"]
[SourceVersionDate "2018.06.28"]
[SourceQuality "1"]

1. d4 Nf6 2. Bg5 g6 3. Bxf6 exf6 4. e3 d5 5. g3 c6 6. Bg2 Bd6 7. Ne2 Nd7 8. Nd2 f5 9. 0-0 Nf6 10. c4 Be6 11. Nf4 Bxf4 12. gxf4 dxc4 13. Qc2 0-0 14. Nxc4 Bxc4 15. Qxc4 Ne4 16. Qe2 Qh4 17. Rac1 Nf6 18. b4 Ne4 19. b5 cxb5 20. Qxb5 Qe7 21. Qe5 Qxe5 22. fxe5 Rfb8 23. Rc7 a5 24. h4 b5 25. Rfc1 b4 26. d5 a4 27. d6 b3 28. Bxe4 fxe4 29. axb3 axb3 30. d7 b2 31. Rb1 Kg7 32. Kg2 h6 33. e6 Kf6 34. exf7 Rd8 35. Rxb2 Kxf7 36. Rb6 Ke7 37. Rc8 Kxd7 38. Rxa8 Rxa8 39. Rxg6 Kc8 40. Rg8+ Kb7 41. Rxa8 Kxa8 1-0

[Event "Guillermo Garcia Memorial op 27th"]
[Site "Santa Clara"]
[Date "2018.05.24"]
[Round "3"]
[White "Garcia Matos, Maury"]
[Black "Perez Lorenzo, Enmanuel"]
[Result "0-1"]
[WhiteElo "1741"]
[BlackElo "2015"]
[PlyCount "78"]
[EventDate "2018.05.22"]
[EventType "swiss"]
[EventRounds "9"]
[EventCountry "CUB"]
[SourceTitle "CBM 184 Extra"]
[Source "ChessBase"]
[SourceDate "2018.06.28"]
[SourceVersion "1"]
[SourceVersionDate "2018.06.28"]
[SourceQuality "1"]

1. e4 c5 2. Nf3 e6 3. d4 cxd4 4. Nxd4 a6 5. Nc3 b5 6. Bf4 b4 7. Nce2 Bb7 8. Ng3 Nf6 9. Bd3 Qb6 10. Be3 Bc5 11. c3 Nc6 12. Nc2 bxc3 13. bxc3 Ne5 14. 0-0 Bxe3 15. Nxe3 Nxd3 16. Qxd3 Qc6 17. f3 d5 18. exd5 Nxd5 19. Nxd5 Qxd5 20. Qe3 0-0 21. Ne4 Rfd8 22. Rfd1 Qxd1+ 23. Rxd1 Rxd1+ 24. Kf2 Bxe4 25. Qxe4 Rb8 26. Qa4 Rd2+ 27. Kg3 h6 28. Qxa6 Rbb2 29. Qa8+ Kh7 30. Qe4+ g6 31. Qf4 Rxg2+ 32. Kh3 Kg8 33. a4 g5 34. Qd6 Rgf2 35. Qd8+ Kg7 36. Qd4+ f6 37. Qd7+ Kg6 38. Qd3+ Kh5 39. f4 g4+ 0-1

[Event "Capablanca Memorial op 53rd"]
[Site "Havana"]
[Date "2018.05.15"]
[Round "6"]
[White "Martin Del Campo C, Roberto Abel"]
[Black "Perez Lorenzo, Enmanuel"]
[Result "1-0"]
[WhiteElo "2351"]
[BlackElo "2015"]
[PlyCount "82"]
[EventDate "2018.05.09"]
[EventType "swiss"]
[EventRounds "10"]
[EventCountry "CUB"]
[SourceTitle "EXT 2021"]
[Source "ChessBase"]
[SourceDate "2020.10.23"]
[SourceVersion "1"]
[SourceVersionDate "2020.10.23"]
[SourceQuality "1"]

1. e4 e6 2. d4 d5 3. Nd2 a6 4. Bd3 Nf6 5. e5 Nfd7 6. Ne2 c5 7. c3 Nc6 8. 0-0 g5 9. f4 Qb6 10. Kh1 cxd4 11. cxd4 g4 12. Nb3 Be7 13. f5 exf5 14. Bxf5 Nf8 15. Nc3 Be6 16. Qxg4 0-0-0 17. Bh6 Na7 18. Na4 Qb4 19. Nac5 Kb8 20. Bxe6 fxe6 21. Nxe6 Nxe6 22. Qxe6 Nc6 23. Rac1 Rhg8 24. Be3 Qb5 25. Qh3 Nb4 26. Bd2 Nxa2 27. Rcd1 Nb4 28. Rf3 h5 29. Nc5 Bxc5 30. dxc5 Qxc5 31. e6 Nc6 32. Qxh5 Ne7 33. Qe5+ Ka8 34. h3 Qc2 35. Rff1 Qg6 36. Qe2 Nf5 37. Bf4 Rde8 38. Qd3 Rxe6 39. Rde1 Nh4 40. Qxg6 Rexg6 41. g4 Rb6 1-0

[Event "Guantanamo Guaso-A"]
[Site "Guantanamo"]
[Date "2018.04.18"]
[Round "4"]
[White "Perez Lorenzo, Enmanuel"]
[Black "Neyra Ferrer, Jose Asdrubal"]
[Result "1-0"]
[WhiteElo "1975"]
[BlackElo "2183"]
[PlyCount "33"]
[EventDate "2018.04.16"]
[EventType "tourn"]
[EventRounds "10"]
[EventCountry "CUB"]
[SourceTitle "EXT 2021"]
[Source "ChessBase"]
[SourceDate "2020.10.23"]
[SourceVersion "1"]
[SourceVersionDate "2020.10.23"]
[SourceQuality "1"]

1. e4 d5 2. exd5 Qxd5 3. Nc3 Qd6 4. d4 Nf6 5. Nf3 Bg4 6. h3 Bxf3 7. Qxf3 c6 8. Bf4 Qb4 9. 0-0-0 Nbd7 10. a3 Qb6 11. d5 g6 12. Na4 Qa5 13. dxc6 Qxa4 14. cxd7+ Nxd7 15. Qxb7 Qxf4+ 16. Kb1 Rd8 17. Rxd7 1-0

[Event "Moncada Cup-G"]
[Site "Santiago de Cuba"]
[Date "2018.03.24"]
[Round "7"]
[White "Mora Preval, Jairon Humberto"]
[Black "Perez Lorenzo, Enmanuel"]
[Result "1/2-1/2"]
[WhiteElo "1903"]
[BlackElo "1913"]
[PlyCount "60"]
[EventDate "2018.03.20"]
[EventType "tourn"]
[EventRounds "10"]
[EventCountry "CUB"]
[SourceTitle "EXT 2021"]
[Source "ChessBase"]
[SourceDate "2020.10.23"]
[SourceVersion "1"]
[SourceVersionDate "2020.10.23"]
[SourceQuality "1"]

1. e4 c5 2. Nf3 e6 3. c4 d6 4. d4 cxd4 5. Nxd4 Nf6 6. Nc3 Nbd7 7. Be3 Be7 8. Be2 0-0 9. 0-0 a6 10. Qd2 b6 11. Nc6 Qe8 12. Nxe7+ Qxe7 13. Rad1 Ne8 14. Bf4 e5 15. Be3 Bb7 16. Nd5 Qd8 17. f4 Nef6 18. Nxf6+ Nxf6 19. Qxd6 Qxd6 20. Rxd6 exf4 21. Bxf4 Bxe4 22. Rxb6 Rfe8 23. Bf3 Bxf3 24. Rxf3 Re1+ 25. Rf1 Re2 26. Rd1 Rae8 27. Rb8 Rxb8 28. Bxb8 Kf8 29. Bd6+ Ke8 30. Ba3 Ng4 1/2-1/2

[Event "Ciudad Heroe op"]
[Site "Santiago de Cuba"]
[Date "2018.02.16"]
[Round "2"]
[White "Salina Parra, Leandro"]
[Black "Perez Lorenzo, Enmanuel"]
[Result "1/2-1/2"]
[WhiteElo "1988"]
[BlackElo "1913"]
[PlyCount "21"]
[EventDate "2018.02.15"]
[EventType "swiss"]
[EventRounds "7"]
[EventCountry "CUB"]
[SourceTitle "EXT 2021"]
[Source "ChessBase"]
[SourceDate "2020.10.23"]
[SourceVersion "1"]
[SourceVersionDate "2020.10.23"]
[SourceQuality "1"]

1. d4 Nf6 2. c4 e6 3. Nf3 b6 4. e3 Bb7 5. Bd3 c5 6. Nbd2 cxd4 7. exd4 Be7 8. b3 d5 9. Bb2 0-0 10. 0-0 dxc4 11. bxc4 1/2-1/2

[Event "Camaguey Altuna Memorial tt 1st"]
[Site "Camaguey"]
[Date "2017.12.02"]
[Round "7.3"]
[White "Perez Lorenzo, Enmanuel"]
[Black "Hernandez Garcia, Roberto"]
[Result "0-1"]
[WhiteElo "1849"]
[BlackElo "1468"]
[PlyCount "80"]
[EventDate "2017.11.28"]
[EventType "team-tourn"]
[EventRounds "10"]
[EventCountry "CUB"]
[SourceTitle "EXT 2024"]
[Source "ChessBase"]
[SourceDate "2023.10.10"]
[SourceVersion "1"]
[SourceVersionDate "2023.10.10"]
[SourceQuality "1"]

1. e4 c5 2. Nf3 d6 3. d4 cxd4 4. Nxd4 Nf6 5. Nc3 g6 6. Be3 Bg7 7. f3 0-0 8. Qd2 Nc6 9. g4 Bd7 10. h4 h5 11. g5 Ne8 12. f4 Bg4 13. Be2 Bxe2 14. Ncxe2 Nc7 15. 0-0-0 Qd7 16. f5 Ne5 17. Nf4 Nb5 18. Qe2 a6 19. Nd5 Qd8 20. Kb1 Nxd4 21. Bxd4 Nd7 22. Bxg7 Kxg7 23. Nf4 Nc5 24. e5 Qb6 25. f6+ exf6 26. Rxd6 Qb4 27. Nd5 Qe4 28. exf6+ Kh7 29. Qxe4 Nxe4 30. Rb6 Rad8 31. Ne7 Rd7 32. a4 Rfd8 33. Kc1 Nf2 34. b4 Nxh1 35. c4 Nf2 36. b5 Rd1+ 37. Kc2 R8d2+ 38. Kc3 Rd3+ 39. Kc2 R1d2+ 40. Kc1 Re2 0-1

[Event "Camaguey Altuna Memorial tt 1st"]
[Site "Camaguey"]
[Date "2017.11.28"]
[Round "1.2"]
[White "Perez Lorenzo, Enmanuel"]
[Black "Salina Parra, Leandro"]
[Result "1/2-1/2"]
[WhiteElo "1849"]
[BlackElo "1883"]
[PlyCount "64"]
[EventDate "2017.11.28"]
[EventType "team-tourn"]
[EventRounds "10"]
[EventCountry "CUB"]
[SourceTitle "EXT 2024"]
[Source "ChessBase"]
[SourceDate "2023.10.10"]
[SourceVersion "1"]
[SourceVersionDate "2023.10.10"]
[SourceQuality "1"]

1. d4 Nf6 2. Bg5 d5 3. e3 Bf5 4. Nf3 h6 5. Bf4 e6 6. Bd3 Bxd3 7. cxd3 c5 8. 0-0 Nc6 9. Qa4 Qd7 10. dxc5 Bxc5 11. d4 Be7 12. h3 0-0 13. Nc3 a6 14. Ne5 Nxe5 15. Bxe5 b5 16. Qd1 Rfc8 17. Qd3 b4 18. Ne2 Ne4 19. Rac1 Qa4 20. f3 Nd6 21. Qb3 Qb5 22. Bxd6 Bxd6 23. Rxc8+ Rxc8 24. Rc1 Rb8 25. Kf2 a5 26. Qc2 b3 27. axb3 Qxb3 28. Qxb3 Rxb3 29. Rc2 Kf8 30. Nc1 Rb8 31. Nd3 Ke7 32. Ke2 Kd7 1/2-1/2

[Event "Guillermo Garcia Memorial op 26th"]
[Site "Santa Clara"]
[Date "2017.05.19"]
[Round "4"]
[White "Campos Jimenez, Augusto Cesar"]
[Black "Perez Lorenzo, Enmanuel"]
[Result "1-0"]
[WhiteElo "2283"]
[BlackElo "1935"]
[PlyCount "37"]
[EventDate "2017.05.16"]
[EventType "swiss"]
[EventRounds "9"]
[EventCountry "CUB"]
[SourceTitle "CBM 178 Extra"]
[Source "ChessBase"]
[SourceDate "2017.06.22"]
[SourceVersion "1"]
[SourceVersionDate "2017.06.22"]
[SourceQuality "1"]

1. Nf3 Nf6 2. g3 d5 3. Bg2 c5 4. 0-0 Nc6 5. c4 e6 6. d4 dxc4 7. Ne5 Nxe5 8. dxe5 Qxd1 9. Rxd1 Nd7 10. Na3 a6 11. Nxc4 Rb8 12. Bf4 b5 13. Na5 Rb6 14. Rd2 c4 15. a3 Bc5 16. Rad1 Ke7 17. Nc6+ Ke8 18. Na7 Bb7 19. Rxd7 1-0